000
00342nam a2200145Ia 4500
008
151213s9999 xx 000 0 und d
100
_a
Pro. A. . Khan
245
_a
Bangladesh Labour Industrial Law
_c
Pro. A. . Khan
260
_a
Dhaka
300
_a
2187 p.
650
_a
Law
650
_a
Law
700
_a
Pro. A. . Khan
999
_c
1598
_d
1598